Top 10 Songs by Slade - Statistics

General Stats
  • This quiz has been taken 5 times
  • The average score is 3 of 10
Answer Stats
Hint Answer % Correct
1 Cum On Feel the Noize
75%
6 My Oh My
75%
5 Far Far Away
50%
7 Coz I Luv You
25%
2 Mama Weer All Crazee Now
25%
4 Run Runaway
25%
9 Skweeze Me Pleeze Me
25%
8 Take Me Back 'Ome
25%
10 Everybody
0%
3 Merry Xmas Everbody
0%
No matching quizzes found
Score Distribution
Percent of People with Each Score
Percentile by Number Answered
Your Score History
You have not taken this quiz